000 00819cab a2200265 4500
001 WB3309-02
008 090401t1997 xxu||||| |||| 00| 0 eng d
035 _a(Sirsi) u59677
041 _aeng
245 _aArmy of navvies crosses Irish Sea
260 _c1997
350 _a0
490 _aTimes
_v24 February 1997, 8(2)
520 _aThe phenomenal growth of the Irish construction industry has resulted in a shortage of skilled workers. British construction workers are attracted by high wages.
650 _aCONSTRUCTION WORKERS
650 _aEIRE
650 _aHIGH WAGES
650 _aIRISH CONSTRUCTION INDUSTRY FEDERATION
650 _aREPUBLIC OF IRELAND
650 _aSKILLED LABOURERS
690 _aBUILT ENVIRONMENT
690 _aECONOMIC AND SOCIAL
942 _n0
948 _c04/03/1997
999 _c36650
_d36650